000 00420nam a2200133Ia 4500
008 220217s9999 xx 000 0 und d
245 0 _aMethods of testing raw rubber & unvulcanized compounded rubber. Part 3. Methods of physical testing.
260 _c1969
500 _aStandard number: BS 1673 Part 3
650 _aPhysical testing
650 _aRaw rubber
650 _aUnvulcanised compounded rubber
942 _cST
999 _c73015
_d73015